Spell the Marvel Character #182 - Statistics

General Stats
  • This quiz has been taken 12 times
  • The average score is 9 of 11
Answer Stats
Picture Answer % Correct
Angel
100%
Namor the Sub-Mariner
100%
Nightcrawler
100%
Aurora
90%
Luke Cage
90%
Outlaw
90%
Night Thrasher
80%
Cannonball
70%
Lightspeed
70%
Boom-Boom
60%
Crescent
40%
No matching quizzes found
Score Distribution
Percent of People with Each Score
Percentile by Number Answered
Your Score History
You have not taken this quiz